000 00545nam a2200217Ia 4500
003 OSt
005 20220514113908.0
008 210210b2006 xxu||||| |||| 00| 0 eng d
040 _aAL
_c
041 _aEnglish
082 _a657.46 MEHB
100 _aMEHROTRA (H C).
_936987
245 _aBusiness taxation: for second year Bcom and BBM degree Vol.1
250 _a4
260 _aAgra
_bSahitya Bhavan
_c2006
300 _avi,621iv
440 _a1
_936988
690 _aBusiness Taxation
_936989
906 _a061717
942 _2ddc
_cBK
999 _c108223
_d108223